A letter to an honourable gentleman of the Council-Board, for the colony of Connecticut : shewing that Yale-College is a very great emolument, and of high importance to the state: consequently, that it is the interest and duty of the commonwealth to afford it publick countenance and support: and wherein such objections are considered and obviated as would probably be made against the tenor of such reasoning. By a friend of college, the church and his country. [Nine lines of quotations].

Bibliographic Details
Main Authors: Trumbull, Benjamin, 1735-1820, Baldwin, Ebenezer, 1745-1776 (Author)
Corporate Author: Gale (Firm)
Other Authors: Mecom, Benjamin, 1732-approximately 1776 (Printer)
Format: eBook
Language:English
Subjects:
Online Access:Connect to the full text of this electronic book

MARC

Tag First Indicator Second Indicator Subfields
LEADER 00000cam a2200000 4500
001 in00003875111
005 20190415192437.0
006 m o d
007 cr |n||||||||n
008 830630s1766 xxu|||| o 00| | eng c
035 |a (CU-RivES)W13496 
035 |a (Uk-ES)006431053 
035 |a (OCoLC)511000948 
040 |a MWA  |c MWA  |d CU-RivES  |d CStRLIN  |d Cengage Gale  |d UtOrBLW 
050 4 |a Z1215  |b .T786 1766 
100 1 |a Trumbull, Benjamin,  |d 1735-1820.  |0 http://id.loc.gov/authorities/names/n85351589 
245 1 2 |a A letter to an honourable gentleman of the Council-Board, for the colony of Connecticut :  |b shewing that Yale-College is a very great emolument, and of high importance to the state: consequently, that it is the interest and duty of the commonwealth to afford it publick countenance and support: and wherein such objections are considered and obviated as would probably be made against the tenor of such reasoning. By a friend of college, the church and his country. [Nine lines of quotations]. 
264 3 |a New-Haven :  |b Printed by B. Mecom,  |c 1766. 
300 |a 1 online resource (26 pages)  
336 |a text  |b txt  |2 rdacontent 
337 |a computer  |b c  |2 rdamedia 
338 |a online resource  |b cr  |2 rdacarrier 
500 |a Attributed to Trumbull in Dexter's Yale graduates. Sometimes attributed to Ebenezer Baldwinches 
509 |a Signatures: [A]⁴ B-C⁴ D1 
510 4 |a Trumbull, J.H. Connecticut,  |c 985 
510 4 |a Evans,  |c 10511 
510 4 |a English Short Title Catalog,  |c W13496. 
500 |a Reproduction of original from Library of Congress. 
500 |a Electronic resource. 
610 2 0 |a Yale College (1718-1887)  |0 http://id.loc.gov/authorities/names/n84089402 
650 0 |a Education and state  |z Connecticut.  |0 http://id.loc.gov/authorities/subjects/sh2009100141 
655 7 |a Electronic books.  |2 local 
700 1 |a Baldwin, Ebenezer,  |d 1745-1776,  |e author.  |0 http://id.loc.gov/authorities/names/n84024593 
700 1 |a Baldwin, Ebenezer,  |d 1745-1776.  |0 http://id.loc.gov/authorities/names/n84024593 
700 1 |a Mecom, Benjamin,  |d 1732-approximately 1776,  |e printer.  |0 http://id.loc.gov/authorities/names/n85316987 
710 2 |a Gale (Firm)  |0 http://id.loc.gov/authorities/names/no2008071348 
752 |a United States  |b Connecticut  |d New Haven. 
856 4 0 |u http://proxy.library.tamu.edu/login?url=http://find.galegroup.com/ecco/infomark.do?contentSet=ECCOArticles&docType=ECCOArticles&bookId=1471501300&type=getFullCitation&tabID=T001&prodId=ECCO&docLevel=TEXT_GRAPHICS&version=1.0&source=library&userGroupName=txshracd2898  |z Connect to the full text of this electronic book  |t 0 
999 f f |s 5730cf54-a82b-339c-89e2-7fd0856ffbc4  |i a1ed8658-5cf8-36f2-89a3-ff6193fe027b  |t 0 
952 f f |a Texas A&M University  |b College Station  |c Electronic Resources  |d Available Online  |t 0  |e Z1215 .T786 1766  |h Library of Congress classification 
998 f f |a Z1215 .T786 1766  |t 0  |l Available Online